Najčastejšie chyby v účtovných závierkach podnikateľov z pohľadu audítora metodické a praktické odporúčania

Autorka v článku reviduje niektoré špecifické oblasti účtovania a prezentuje sumarizáciu možných nepresností pri zostavovaní účtovnej závierky za rok 2020, ktorý bol iný ako roky minulé. Oblasti zhrnula na základe skúseností z auditov účtovných závierok, z otázok na seminároch a zodpovedných serviso...

Ausführliche Beschreibung

Gespeichert in:
Bibliographische Detailangaben
1. Verfasser: Cvečková, Mária
Format: Buchkapitel
Sprache:Slowakisch
Schlagworte:
Tags: Tag hinzufügen
Keine Tags, Fügen Sie das erste Tag hinzu!

MARC

LEADER 00000naa a2200000 4500
001 0273839
005 20210520115422.7
041 0 |a slo 
044 |a SK 
245 1 0 |a Najčastejšie chyby v účtovných závierkach podnikateľov z pohľadu audítora  |b metodické a praktické odporúčania  |c Mária Cvečková 
520 |a Autorka v článku reviduje niektoré špecifické oblasti účtovania a prezentuje sumarizáciu možných nepresností pri zostavovaní účtovnej závierky za rok 2020, ktorý bol iný ako roky minulé. Oblasti zhrnula na základe skúseností z auditov účtovných závierok, z otázok na seminároch a zodpovedných servisov agentúr. 
610 2 0 |a závierka účtovná 
610 2 0 |a podnikatelia 
610 2 0 |a opravy 
610 2 0 |a audítori 
610 2 0 |a metodika 
100 1 |a Cvečková, Mária